Comercio internacional y progreso
Guardado en:
| Autor principal: | |
|---|---|
| Autor Corporativo: | |
| Formato: | Texto |
| Publicado: |
San José:
Presidencia de la República
|
| Etiquetas: |
Agregar Etiqueta
Sin Etiquetas, Sea el primero en etiquetar este registro!
|
MARC
| LEADER | 00000 a a2200000 04500 | ||
|---|---|---|---|
| 001 | 21800 | ||
| 003 | |||
| 040 | |||
| 090 | |a 097800 | ||
| 100 | |a Arias Sánchez, Rodrigo | ||
| 110 | |a Costa Rica. Presidencia de la República | ||
| 245 | |a Comercio internacional y progreso | ||
| 260 | |a San José: |b Presidencia de la República | ||
| 300 | |a 7 p. | ||
| 999 | |c 3706 |d 3706 | ||
